Reglamento orgánico y de contabilidad para el servicio de las oficinas de Administración Militar (Record no. 163143)

MARC details
000 -LEADER
campo de control de longitud fija 00661nam a2200157 i 4500
001 - NÚMERO DE CONTROL
campo de control 163143
003 - IDENTIFICADOR DE NÚMERO DE CONTROL
campo de control ES-MaACL
005 - FECHA Y HORA DE LA ÚLTIMA TRANSACCIÓN
campo de control 20230906212701.0
008 - DATOS DE LONGITUD FIJA--INFORMACIÓN GENERAL
campo de control de longitud fija 010606s1871 sp |||| | spa d
245 00 - MENCIÓN DEL TÍTULO
Título Reglamento orgánico y de contabilidad para el servicio de las oficinas de Administración Militar
Resto del título : aprobado por Real Orden de 6 de febrero de 1871.
260 ## - PUBLICACIÓN, DISTRIBUCIÓN, ETC.
Lugar de publicación, distribución, etc. Madrid :
Nombre del editor, distribuidor, etc. [s.n.],
Fecha de publicación, distribución, etc. 1871 (
Fabricante Imp. de la Administración Militar)
300 ## - DESCRIPCIÓN FÍSICA
Extensión 76, [372] p. ;
Dimensiones 30 cm.
597 ## - NOTA DE DESCRIPCIÓN FÍSICA
NOTA DE DESCRIPCIÓN FÍSICA Las [372] p. corresponden a 123 formularios.
650 #4 - PUNTO DE ACCESO ADICIONAL DE MATERIA--TÉRMINO DE MATERIA
Término de materia o nombre geográfico como elemento de entrada Administración militar-
Subdivisión geográfica España.
9 (RLIN) 164825
852 ## - LOCALIZACIÓN
Ubicación ES-MaACL
Número de control de estantería B-1148
Nota libre - Enc. hol.
-- - Donativo de San Jurjo
Holdings
Estatus retirado Estado de pérdida Estado de daño No para préstamo Colección Biblioteca de origen Biblioteca actual Ubicación en estantería Fecha de adquisición Fuente de adquisición Total de préstamos Signatura topográfica completa Código de barras Visto por última vez Precio de reemplazo Tipo de ítem Koha
        Libros del s. XIX Biblioteca del Ateneo de Madrid Biblioteca del Ateneo de Madrid Sala Pardo Bazán 17/01/2008     B-1148 1170955 23/02/2023 23/02/2023 Libro impreso antiguo